Significant Regions of Bangladeshi Diaspora - Statistics

General Stats
  • This quiz has been taken 27 times
  • The average score is 23 of 30
Answer Stats
Overseas Bangladeshis Country % Correct
70,000 Australia
100%
120,000 Canada
100%
20,000,000 India
100%
3,000,000 Pakistan
100%
900,000 United Kingdom
100%
350,000 United States
100%
20,000 Germany
95%
400,000 Qatar
95%
2,116,192 Saudi Arabia
95%
1,089,917 United Arab Emirates
95%
400,000 Italy
91%
898,970 Malaysia
91%
30,000 Nepal
91%
680,242 Oman
91%
180,000 Bahrain
86%
35,073 Japan
86%
350,000 Kuwait
86%
150,000 Singapore
86%
50,000 Spain
86%
22,000 South Korea
82%
150,000 Jordan
68%
80,000 Greece
64%
25,000 Portugal
64%
300,000 South Africa
64%
160,000 Lebanon
55%
18,000 Poland
55%
80,000 Maldives
50%
40,000 Brunei
36%
20,000 Libya
18%
25,000 Mauritius
9%
No matching quizzes found
Score Distribution
Percent of People with Each Score
Percentile by Number Answered
Your Score History
You have not taken this quiz